000 00709nab a2200241 a 4500
001 71455
003 145526
005 20201118110933.0
008 ||||||n9999 ||| || ||
041 _aspa
100 _aArguelles, Jose Miguel
245 0 _aVamos a pagar el precio justo :
_bimplicaciones de la paneuropeizacion de los precios de productos de consumo pp.63-72
260 _aEspaña :
_bAlta Direccion,
_c1992.
562 _e0
650 _aANÁLISIS ORGANIZACIONAL
650 _aCAMBIO ORGANIZACIONAL
650 _aCONSUMIDORES
650 _aEUROPA
650 _aFIJACIÓN DE PRECIOS
650 _aMERCADO UNICO
773 _039726
_aAlta Dirección - Vol.27 No.161
942 _cSART
999 _c71455
_d71455